Missouri Geography - Statistics

General Stats
  • This quiz has been taken 24 times
    15 since last reset
  • The average score is 11 of 20
Answer Stats
Hint Answer % Correct
How many states does Missouri border? 8
100%
This river forms the border with Illinois Mississippi River
100%
Missouri's longest border is with this state Iowa
90%
What is the capital of Missouri? Jefferson City
90%
Most populated Missouri city Kansas City
90%
Largest lake in Missouri Lake of the Ozarks
90%
Flows from Kansas City to St.Louis Missouri River
90%
National forest named after a Missouri writer Mark Twain National Forest
80%
This Missouri City is known as the Gateway St.Louis
80%
Missouri's shortest border is with this state Kentucky
70%
Known as The __ State because it has ≈ 7,500 Cave
40%
Worst natural disaster in Missouri Joplin Tornado
40%
Lake/Reservoir named after a president Truman Lake/Reservoir
40%
Missouri is the top producer in US of this mineral Lead
30%
Highest point in Missouri in the range above Taum Sauk Mountain
30%
Mountains in Southeastern Missouri St. Francois Mountains
20%
This state park is near Branson Table Rock State Park
20%
The plains in western Missouri are called Osage Plains
10%
Deepest cave in Missouri Marvel Cave
0%
Missouri's lowest point is on this river Saint Francis River
0%
No matching quizzes found
Score Distribution
Percent of People with Each Score
Percentile by Number Answered
Your Score History
You have not taken this quiz since the last reset